Strategic issues in finance (Record no. 76844)
[ view plain ]
| 000 -LEADER | |
|---|---|
| fixed length control field | 01237nam a2200265 a 4500 |
| 008 - FIXED-LENGTH DATA ELEMENTS--GENERAL INFORMATION | |
| fixed length control field | 120416s1994 ||||||||||||||||| || u |
| 020 ## - INTERNATIONAL STANDARD BOOK NUMBER | |
| International Standard Book Number | 0750609966 |
| 050 ## - LIBRARY OF CONGRESS CALL NUMBER | |
| Classification number | HG 173 Str |
| 100 ## - MAIN ENTRY--PERSONAL NAME | |
| Personal name | Ward, Keith |
| 245 10 - TITLE STATEMENT | |
| Title | Strategic issues in finance |
| 246 ## - | |
| -- | Keith Ward |
| 260 ## - PUBLICATION, DISTRIBUTION, ETC. | |
| Place of publication, distribution, etc. | Oxford |
| Name of publisher, distributor, etc. | Butterworth-Heinemann |
| Date of publication, distribution, etc. | 1994 |
| 300 ## - PHYSICAL DESCRIPTION | |
| Extent | viii, 328 p. : ill. |
| 350 ## - | |
| -- | 0.00 |
| 490 ## - | |
| -- | Management readers |
| 650 ## - SUBJECT ADDED ENTRY--TOPICAL TERM | |
| Topical term or geographic name entry element | DIVIDENDS |
| 650 ## - SUBJECT ADDED ENTRY--TOPICAL TERM | |
| Topical term or geographic name entry element | CAPITAL ASSETS PRICING MODEL |
| 650 #0 - SUBJECT ADDED ENTRY--TOPICAL TERM | |
| Topical term or geographic name entry element | FINANCE--DEVELOPING COUNTRIES |
| 650 ## - SUBJECT ADDED ENTRY--TOPICAL TERM | |
| Topical term or geographic name entry element | CORPORATIONS--FINANCE |
| 650 ## - SUBJECT ADDED ENTRY--TOPICAL TERM | |
| Topical term or geographic name entry element | CAPITAL--COSTS |
| 995 ## - | |
| -- | MAIN LIBRARY OPEN ACCESS |
| -- | 0.00 |
| -- | 730090 |
| -- | CBU-MAIN LIBRARY (Kitwe) |
| -- | 1 |
| -- | 45.95 |
| -- | HG 173 Str |
| -- | 1 |
| -- | AVAILABLE |
| -- | 027298 |
| -- | Main Library Open Access Collection |
| 995 ## - | |
| -- | ANNEX COLLECTION (Main Library) |
| -- | 0.00 |
| -- | 730092 |
| -- | CBU-MAIN LIBRARY (Kitwe) |
| -- | 4 |
| -- | 45.95 |
| -- | HG 173 Str |
| -- | 4 |
| -- | AVAILABLE |
| -- | 027296 |
| -- | Annex Low-Usage Collection |
| 995 ## - | |
| -- | ANNEX COLLECTION (Main Library) |
| -- | 0.00 |
| -- | 730093 |
| -- | CBU-MAIN LIBRARY (Kitwe) |
| -- | 3 |
| -- | 45.95 |
| -- | HG 173 Str |
| -- | 3 |
| -- | AVAILABLE |
| -- | 027297 |
| -- | Annex Low-Usage Collection |
| 995 ## - | |
| -- | MAIN LIBRARY OPEN ACCESS |
| -- | 0.00 |
| -- | 730091 |
| -- | CBU-MAIN LIBRARY (Kitwe) |
| -- | 2 |
| -- | 45.95 |
| -- | HG 173 Str |
| -- | 2 |
| -- | AVAILABLE |
| -- | 027299 |
| -- | Main Library Open Access Collection |
| 999 ## - | |
| -- | 76844 |
| -- | 76844 |
| Withdrawn status | Lost status | Source of classification or shelving scheme | Damaged status | Not for loan | Permanent Location | Current Location | Shelving location | Date acquired | Total Checkouts | Full call number | Barcode | Date last seen | Copy number | Price effective from | Koha item type |
|---|---|---|---|---|---|---|---|---|---|---|---|---|---|---|---|
| CBU-MAIN LIBRARY, KITWE. | CBU-MAIN LIBRARY, KITWE. | 04/25/2023 | HG 173 Str | 027298 | 04/25/2023 | 1 | 04/25/2023 | MONOGRAPH | |||||||
| CBU-MAIN LIBRARY, KITWE. | CBU-MAIN LIBRARY, KITWE. | 04/25/2023 | HG 173 Str | 027296 | 04/25/2023 | 2 | 04/25/2023 | MONOGRAPH | |||||||
| CBU-MAIN LIBRARY, KITWE. | CBU-MAIN LIBRARY, KITWE. | 04/25/2023 | HG 173 Str | 027297 | 04/25/2023 | 3 | 04/25/2023 | MONOGRAPH | |||||||
| CBU-MAIN LIBRARY, KITWE. | CBU-MAIN LIBRARY, KITWE. | 04/25/2023 | HG 173 Str | 027299 | 04/25/2023 | 4 | 04/25/2023 | MONOGRAPH |